[Event "Jiraskuv memorial GM"]
[Site "Rakovnik"]
[Date "2012.08.09"]
[Round "7"]
[White "Cyborowski, Lukasz"]
[Black "Pribyl, Josef"]
[Result "1-0"]
[WhiteElo "2546"]
[BlackElo "2308"]
[PlyCount "91"]
[EventDate "2012.08.??"]
[EventType "swiss"]
[EventRounds "9"]
[EventCountry "CZE"]
[TimeControl "120+10"]
[WhiteClock "1:24:00"]
[BlackClock "1:27:00"]

1. e4 d6 2. d4 Nf6 3. Nc3 e5 4. Nf3 Nbd7 5. Bc4 Be7 6. O-O O-O 7. a4 c6 8. Re1
b6 9. h3 a6 10. Ba2 Rb8 11. Be3 b5 12. axb5 axb5 13. b4 Bb7 14. Qd3 Ra8 15. Bb3
Qc7 16. Rxa8 Rxa8 17. Rd1 h6 18. Nh4 exd4 19. Bxd4 Ne5 20. Qe2 Bc8 21. f4 Nc4
22. Bxc4 bxc4 23. Qxc4 Be6 24. Qe2 d5 25. f5 Bc8 26. exd5 Nxd5 27. Nxd5 cxd5
28. Qg4 Bf8 29. c3 Ra2 30. Re1 Qd8 31. Nf3 Qd7 32. Qg3 Kh7 33. f6 g6 34. Ne5
Qc7 35. Qf3 Be6 36. Qe3 Bd6 37. Kh1 Bf5 38. Ng4 Bf4 39. Qe8 Bd6 40. Qe3 g5 41.
Qf3 Qd7 42. Qxd5 Bg3 43. Qxa2 Bxe1 44. Ne5 Qe6 45. Qa8 Bc2 46. Qf8 1-0

[Event "Jiraskuv memorial GM"]
[Site "Rakovnik"]
[Date "2012.08.10"]
[Round "8"]
[White "Palek, Miroslav"]
[Black "Manik, Mikulas"]
[Result "1/2-1/2"]
[WhiteElo "2308"]
[BlackElo "2406"]
[PlyCount "20"]
[EventDate "2012.08.??"]
[EventType "swiss"]
[EventRounds "9"]
[EventCountry "CZE"]

1. e4 c5 2. Nc3 Nc6 3. f4 g6 4. Nf3 Bg7 5. g3 e6 6. Bg2 Nge7 7. O-O O-O 8. d3
b6 9. Be3 d5 10. exd5 exd5 1/2-1/2

[Event "Jiraskuv memorial GM"]
[Site "Rakovnik"]
[Date "2012.08.10"]
[Round "8"]
[White "Pacher, Milan"]
[Black "Lalic, Bogdan"]
[Result "1/2-1/2"]
[WhiteElo "2442"]
[BlackElo "2481"]
[PlyCount "27"]
[EventDate "2012.08.??"]
[EventType "swiss"]
[EventRounds "9"]
[EventCountry "CZE"]

1. e4 e5 2. Nf3 Nc6 3. Bb5 a6 4. Ba4 Nf6 5. d3 d6 6. O-O b5 7. Bb3 Na5 8. Bg5
Be7 9. Nbd2 O-O 10. c3 Nxb3 11. axb3 h6 12. Bh4 Nd7 13. Bxe7 Qxe7 14. Re1
1/2-1/2

[Event "Jiraskuv memorial GM"]
[Site "Rakovnik"]
[Date "2012.08.10"]
[Round "8"]
[White "Cvek, Robert"]
[Black "Cerveny, Martin"]
[Result "1-0"]
[WhiteElo "2549"]
[BlackElo "2346"]
[PlyCount "105"]
[EventDate "2012.08.??"]
[EventType "swiss"]
[EventRounds "9"]
[EventCountry "CZE"]

1. c4 Nf6 2. Nf3 c5 3. Nc3 Nc6 4. g3 g6 5. d4 cxd4 6. Nxd4 Bg7 7. Bg2 O-O 8.
O-O Qb6 9. Nb3 d6 10. Be3 Qa6 11. c5 Ng4 12. Bf4 e5 13. Bg5 dxc5 14. Nd5 Rb8
15. h3 c4 16. Nc5 Qb5 17. Ne4 Nh6 18. Be7 Nxe7 19. Nxe7+ Kh8 20. Nxc8 Qxb2 21.
Ncd6 b5 22. Rb1 Qxa2 23. Nxb5 a6 24. Nbc3 Rxb1 25. Qxb1 Qxb1 26. Rxb1 f5 27.
Nc5 e4 28. Rc1 Nf7 29. Ne6 Bh6 30. e3 Re8 31. Nd4 Ne5 32. Ra1 Ra8 33. g4 fxg4
34. Bxe4 Rf8 35. Ra5 Nd3 36. Bxd3 cxd3 37. hxg4 d2 38. Nd1 Bg7 39. Ra2 Bxd4 40.
exd4 Rf4 41. Rxd2 Rxg4+ 42. Kf1 Kg7 43. Ne3 Re4 44. Ke2 h5 45. Kf3 Re8 46. d5
Kf6 47. Ra2 Ra8 48. Nc4 g5 49. Ra5 h4 50. Kg4 Ra7 51. Rc5 Rd7 52. Rc6+ Kg7 53.
Ne3 1-0

[Event "Jiraskuv memorial GM"]
[Site "Rakovnik"]
[Date "2012.08.11"]
[Round "9"]
[White "Cerveny, Martin"]
[Black "Palek, Miroslav"]
[Result "1/2-1/2"]
[WhiteElo "2346"]
[BlackElo "2308"]
[PlyCount "129"]
[EventDate "2012.08.??"]
[EventType "swiss"]
[EventRounds "9"]
[EventCountry "CZE"]

1. d4 Nf6 2. c4 c5 3. d5 e5 4. Nc3 d6 5. e4 Be7 6. g3 Nbd7 7. Nf3 a6 8. a4 Rb8
9. Nh4 h5 10. Nf5 Bf8 11. h4 g6 12. Ne3 Bh6 13. Be2 Nf8 14. Bd2 Bd7 15. Rb1 Qc8
16. f3 N8h7 17. Qc2 O-O 18. O-O Qc7 19. Rf2 Ne8 20. Kh1 Ng7 21. Rg1 Qd8 22. Rh2
f5 23. exf5 gxf5 24. Bd3 Kh8 25. Ne2 Rf7 26. g4 hxg4 27. fxg4 Bxe3 28. Bxe3 e4
29. Bxe4 fxe4 30. g5 Qf8 31. h5 Rf1 32. Qxe4 Re8 33. Qg2 Rxg1+ 34. Bxg1 Nxg5
35. Qxg5 Qf5 36. Qxf5 Bxf5 37. Ng3 Bd3 38. h6 Nf5 39. Nxf5 Bxf5 40. Rf2 Bd3 41.
b3 b5 42. cxb5 axb5 43. Bh2 bxa4 44. bxa4 Kh7 45. Rf6 Be4+ 46. Kg1 Rg8+ 47. Kf1
Rg6 48. Rxd6 Rxd6 49. Bxd6 Kxh6 50. Bf4+ Kg6 51. d6 Bc6 52. a5 Kf7 53. Ke2 Ke6
54. Ke3 Kd7 55. Be5 Kc8 56. Kf4 Kb7 57. Bc3 Bd7 58. Ke5 c4 59. Kd5 Ka8 60. Kxc4
Ba4 61. Kc5 Be8 62. Kb6 Ba4 63. Kc7 Be8 64. d7 Bxd7 65. Kxd7 1/2-1/2

[Event "Jiraskuv memorial GM"]
[Site "Rakovnik"]
[Date "2012.08.11"]
[Round "9"]
[White "Lalic, Bogdan"]
[Black "Velicka, Petr"]
[Result "1/2-1/2"]
[WhiteElo "2481"]
[BlackElo "2461"]
[PlyCount "27"]
[EventDate "2012.08.??"]
[EventType "swiss"]
[EventRounds "9"]
[EventCountry "CZE"]

1. d4 d5 2. c4 c6 3. Nc3 Nf6 4. Nf3 a6 5. a4 e6 6. g3 dxc4 7. Bg2 c5 8. dxc5
Qxd1+ 9. Nxd1 Bd7 10. Ne5 Bc6 11. Nxc6 Nxc6 12. Bxc6+ bxc6 13. Ne3 Bxc5 14.
Nxc4 1/2-1/2

[Event "Jiraskuv memorial GM"]
[Site "Rakovnik"]
[Date "2012.08.11"]
[Round "9"]
[White "Pribyl, Josef"]
[Black "Freisler, Pavel"]
[Result "1/2-1/2"]
[WhiteElo "2308"]
[BlackElo "2310"]
[PlyCount "22"]
[EventDate "2012.08.??"]
[EventType "swiss"]
[EventRounds "9"]
[EventCountry "CZE"]

1. e4 Nf6 2. e5 Nd5 3. c4 Nb6 4. c5 Nd5 5. Nc3 Nxc3 6. dxc3 Nc6 7. Nf3 d6 8.
cxd6 cxd6 9. exd6 e5 10. Bc4 Bxd6 11. Ng5 Rf8 1/2-1/2

[Event "Jiraskuv memorial GM"]
[Site "Rakovnik"]
[Date "2012.08.11"]
[Round "9"]
[White "Manik, Mikulas"]
[Black "Pacher, Milan"]
[Result "0-1"]
[WhiteElo "2406"]
[BlackElo "2442"]
[PlyCount "90"]
[EventDate "2012.08.??"]
[EventType "swiss"]
[EventRounds "9"]
[EventCountry "CZE"]

1. e4 c5 2. Nf3 d6 3. d4 cxd4 4. Nxd4 Nf6 5. Nc3 a6 6. Bg5 Nbd7 7. f4 b5 8.
Bxf6 Nxf6 9. e5 b4 10. Ncb5 dxe5 11. fxe5 axb5 12. exf6 gxf6 13. Bxb5+ Bd7 14.
Ne6 Qc8 15. Qxd7+ Qxd7 16. Nc7+ Kd8 17. Bxd7 Kxc7 18. Bf5 e6 19. Bd3 Bd6 20. a3
Be5 21. Rb1 bxa3 22. bxa3 Rxa3 23. O-O h5 24. h3 f5 25. Kh1 Rha8 26. Rbe1 Bg3
27. Rd1 h4 28. Rb1 Kd6 29. Kg1 Ke5 30. Rb5+ Kf6 31. Bxf5 exf5 32. Rbxf5+ Ke6
33. Rxf7 Kd6 34. R7f6+ Ke5 35. Rf7 Ra1 36. Rxa1 Rxa1+ 37. Rf1 Rxf1+ 38. Kxf1
Kd4 39. Ke2 Kc3 40. Kd1 Bf4 41. Ke2 Kd4 42. Kf3 Bg3 43. Ke2 Ke4 44. Kd2 Bd6 45.
Ke2 Be5 0-1